Social Work in (Not) Ending Housing Need

Zmapovanie výkonnosti sociálnej práce pri podpore ľudí v akútnej kríze v oblasti bývania vrátane faktorov, ktoré predstavujú prekážky, a tých, ktoré predstavujú zdroje podpory. Výsledky výskumu prispievajú k diskusii o nevyhnutnosti systémových zmien v procesoch riešenia bytovej núdze na mikro, mezo...

Ausführliche Beschreibung

Gespeichert in:
Bibliographische Detailangaben
1. Verfasser: Opletalová, Magdalena
Weitere Verfasser: Truhlářová, Zuzana
Format: Buchkapitel
Sprache:Englisch
Schlagworte:
Tags: Tag hinzufügen
Keine Tags, Fügen Sie das erste Tag hinzu!

MARC

LEADER 00000naa a2200000 4500
001 0300273
005 20240506145323.3
041 0 |a eng 
044 |a CZ 
245 1 0 |a Social Work in (Not) Ending Housing Need  |c Magdalena Opletalová, Zuzana Truhlářová 
520 |a Zmapovanie výkonnosti sociálnej práce pri podpore ľudí v akútnej kríze v oblasti bývania vrátane faktorov, ktoré predstavujú prekážky, a tých, ktoré predstavujú zdroje podpory. Výsledky výskumu prispievajú k diskusii o nevyhnutnosti systémových zmien v procesoch riešenia bytovej núdze na mikro, mezo a makroúrovni, k špecifikácii úlohy sociálnej práce v procesoch riešenia bytovej núdze a k nevyhnutnosti zapojenia sociálnych pracovníkov do nastavovania spravodlivých politík. 
610 2 0 |a práca sociálna 
610 2 0 |a pracovníci sociálni 
610 2 0 |a politika sociálna 
610 2 0 |a politika bytová 
610 2 0 |a spravodlivosť sociálna 
610 2 0 |a núdza sociálna 
610 2 0 |a bývanie 
100 1 |a Opletalová, Magdalena 
700 1 |a Truhlářová, Zuzana